| 000 | 00686nam a2200217 a 4500 | ||
|---|---|---|---|
| 999 |
_c6282 _d6282 |
||
| 001 | 6282 | ||
| 003 | BD-JhCC | ||
| 005 | 20180118190700.0 | ||
| 008 | 180118s1484 bg |||| ||a| 000 0 ben d | ||
| 035 | _a(BD-JhCC)6282 | ||
| 040 |
_aBD-JhCC _dBD-JhCC |
||
| 041 | _aben | ||
| 082 |
_a297.5 _bARA 703 |
||
| 245 |
_aআরকানে আরব'আ / _cআবু তাহের মিসবাহ অনূদিত |
||
| 260 |
_aঢাকা : _bইসলামিক ফাউন্ডশন বাংলাদেশ, _c১৪৮৪. |
||
| 300 |
_a404 p .: _c21 cm. |
||
| 650 | _aZakat | ||
| 700 | _aমিসবাহ, আবু তাহের | ||
| 942 |
_2ddc _cBK |
||